[Event "Krakow-A"]
[Site "Krakow"]
[Date "2010.06.26"]
[Round "3"]
[White "Kuziola, Mateusz"]
[Black "Szuper, Paul"]
[Result "1-0"]
[WhiteElo "2336"]
[BlackElo "2190"]
[PlyCount "85"]
[EventDate "2010.06.25"]
[EventType "tourn"]
[EventRounds "9"]
[EventCountry "POL"]
[SourceTitle "EXT 2013"]
[Source "ChessBase"]
[SourceDate "2012.11.22"]
[SourceVersion "1"]
[SourceVersionDate "2012.11.22"]
[SourceQuality "1"]

1. e4 c6 2. Nc3 d5 3. Nf3 g6 4. d4 Bg7 5. h3 Nf6 6. Bd3 0-0 7. 0-0 Nbd7 8. Qe2 Nb6 9. Re1 e6 10. e5 Nfd7 11. Bg5 Qe8 12. Nh2 f6 13. exf6 Nxf6 14. Nf3 Nh5 15. Qe3 Qf7 16. Ne2 c5 17. c3 c4 18. Bc2 Bd7 19. Bh6 Bxh6 20. Qxh6 Qg7 21. Qe3 Rae8 22. Rf1 Bc6 23. Ne5 Nd7 24. f4 Qe7 25. g4 Ng7 26. Rae1 Qh4 27. Kh2 Qd8 28. Ng3 Qc7 29. Re2 b5 30. Qd2 a5 31. Bb1 Rf6 32. h4 b4 33. Qc2 Bb5 34. Qd2 Rb8 35. h5 gxh5 36. Qc2 Rh6 37. g5 b3 38. Qd2 h4 39. gxh6 hxg3+ 40. Kg2 Nf5 41. Bxf5 exf5 42. Nxd7 Qxd7 43. a3 1-0

[Event "Krakow-A"]
[Site "Krakow"]
[Date "2010.06.25"]
[Round "1"]
[White "Kuziola, Mateusz"]
[Black "Bukojemski, Adam"]
[Result "1-0"]
[WhiteElo "2336"]
[BlackElo "2223"]
[PlyCount "113"]
[EventDate "2010.06.25"]
[EventType "tourn"]
[EventRounds "9"]
[EventCountry "POL"]
[SourceTitle "EXT 2013"]
[Source "ChessBase"]
[SourceDate "2012.11.22"]
[SourceVersion "1"]
[SourceVersionDate "2012.11.22"]
[SourceQuality "1"]

1. e4 e6 2. d3 d5 3. Nd2 Nf6 4. Ngf3 c5 5. g3 Nc6 6. Bg2 b5 7. 0-0 Be7 8. Re1 0-0 9. e5 Nd7 10. Nf1 a5 11. h4 a4 12. N1h2 b4 13. h5 f5 14. exf6 Bxf6 15. Rb1 Nde5 16. Bf4 Nxf3+ 17. Nxf3 a3 18. b3 Bc3 19. Bd2 Qf6 20. Qe2 Ra7 21. Qe3 Bxd2 22. Qxd2 Raf7 23. Re2 Qh6 24. Qxh6 gxh6 25. Ne1 Nd4 26. Rd2 Rg7 27. Rc1 Nb5 28. Nf3 Rf5 29. d4 Nc3 30. Ra1 Ne4 31. Re2 Rxh5 32. dxc5 Nxc5 33. Ne5 Rhg5 34. Rd1 h5 35. Rd4 Rb7 36. Kh2 Rb5 37. Re3 Nd7 38. Nd3 Rg4 39. f4 h4 40. gxh4 Rxh4+ 41. Kg3 Rh6 42. Nxb4 Nf6 43. Bf3 Rb7 44. Re5 Rg7+ 45. Rg5 Rxg5+ 46. fxg5 Rg6 47. Kh4 Nd7 48. c4 h6 49. gxh6 Ne5 50. Bh5 Rg2 51. cxd5 Rh2+ 52. Kg5 exd5 53. Rxd5 Rg2+ 54. Kf4 Nd7 55. Bg4 Rxg4+ 56. Kxg4 Nf6+ 57. Kf4 1-0

[Event "Vienna op 16th"]
[Site "Vienna"]
[Date "2009.08.20"]
[Round "6"]
[White "Kuziola, Mateusz"]
[Black "Duben, Igor"]
[Result "0-1"]
[WhiteElo "2327"]
[BlackElo "2205"]
[PlyCount "124"]
[EventDate "2009.08.15"]
[EventType "swiss"]
[EventRounds "9"]
[EventCountry "AUT"]
[SourceTitle "CBM 131 Extra"]
[Source "ChessBase"]
[SourceDate "2009.09.03"]
[SourceVersion "2"]
[SourceVersionDate "2009.09.16"]
[SourceQuality "1"]

1. e4 e6 2. b3 d5 3. Bb2 Nf6 4. exd5 exd5 5. Nf3 Be7 6. Be2 Bf5 7. 0-0 0-0 8. d4 Nbd7 9. Nbd2 c5 10. dxc5 Nxc5 11. Nd4 Bg6 12. N2f3 Rc8 13. Ne5 Nce4 14. Nxg6 hxg6 15. Qd3 a6 16. Rac1 Qa5 17. a3 Rfd8 18. Bf3 Qc7 19. Rfe1 Bc5 20. g3 Qd6 21. Bg2 Bxa3 22. Bxa3 Qxa3 23. c4 dxc4 24. Rxc4 Rxc4 25. Qxc4 b5 26. Qc2 Rxd4 27. Bxe4 Rxe4 28. Rxe4 Nxe4 29. Qxe4 Qxb3 30. Qa8+ Kh7 31. Qxa6 b4 32. Qc8 Qc3 33. Qh3+ Kg8 34. Qh4 Qc1+ 35. Kg2 Qc6+ 36. Kg1 Qb6 37. Qc4 Qb8 38. Qb3 Qb7 39. Qd3 Qb8 40. Qb3 Qb5 41. Qd1 Kh7 42. Qb3 f6 43. Kg2 Qc6+ 44. Kf1 Qe4 45. Kg1 f5 46. Kf1 Qd4 47. Ke2 Qc5 48. Kf1 Qc1+ 49. Ke2 Qa3 50. Qc4 Qb2+ 51. Kd1 g5 52. Qf7 Qa1+ 53. Kd2 Qc3+ 54. Ke2 Qc2+ 55. Kf1 Qb1+ 56. Kg2 Qe4+ 57. Kg1 Qf3 58. Qc4 b3 59. Qb5 Qd1+ 60. Kg2 Qc2 61. Kh3 Qxf2 62. Qxb3 Qf1# 0-1

[Event "Vienna op 16th"]
[Site "Vienna"]
[Date "2009.08.19"]
[Round "5"]
[White "Timoscenko, Gennadij A"]
[Black "Kuziola, Mateusz"]
[Result "1-0"]
[WhiteElo "2482"]
[BlackElo "2327"]
[PlyCount "133"]
[EventDate "2009.08.15"]
[EventType "swiss"]
[EventRounds "9"]
[EventCountry "AUT"]
[SourceTitle "CBM 131 Extra"]
[Source "ChessBase"]
[SourceDate "2009.09.03"]
[SourceVersion "2"]
[SourceVersionDate "2009.09.16"]
[SourceQuality "1"]

1. d4 f5 2. g3 Nf6 3. Bg2 g6 4. Nf3 Bg7 5. 0-0 0-0 6. c4 d6 7. Nc3 e6 8. Qc2 Nc6 9. d5 Nb4 10. Qb3 Na6 11. dxe6 Nc5 12. Qc2 Bxe6 13. b3 Nfe4 14. Bb2 Nxc3 15. Bxc3 Bxc3 16. Qxc3 Qf6 17. Qd2 Rae8 18. e3 Re7 19. Nd4 Bf7 20. Ne2 Ne4 21. Qd3 Qe5 22. Rac1 Rd8 23. Rfd1 c6 24. Nc3 Nxc3 25. Qxc3 Red7 26. Rd4 a6 27. Qd2 d5 28. cxd5 Bxd5 29. Rc5 Qe6 30. Bxd5 Rxd5 31. Rdxd5 Rxd5 32. Rxd5 cxd5 33. Qc3 Qd7 34. h4 Kf7 35. Qe5 h5 36. Qh8 Qc6 37. Qh7+ Kf6 38. Qg8 Qc1+ 39. Kg2 Qc6 40. Qh8+ Kf7 41. Qd4 Qe6 42. Qc3 Qc6 43. Qxc6 bxc6 44. b4 Ke6 45. Kf3 Ke5 46. a3 d4 47. exd4+ Kxd4 48. Kf4 Kc4 49. Kg5 Kb3 50. Kxg6 Kxa3 51. Kxf5 Kxb4 52. g4 c5 53. gxh5 c4 54. h6 c3 55. h7 c2 56. h8Q c1Q 57. Qd4+ Kb5 58. Qe5+ Kc6 59. f4 Kb6 60. h5 a5 61. h6 Qc2+ 62. Kf6 a4 63. Qe6+ Kb7 64. Qe7+ Kb6 65. h7 Qb2+ 66. Qe5 Qh2 67. Qb8+ 1-0

[Event "POL-chT 2nd League"]
[Site "Ustron"]
[Date "2008.09.12"]
[Round "7.26"]
[White "Kuziola, Mateusz"]
[Black "Gbyl, Andrzej"]
[Result "1/2-1/2"]
[WhiteElo "2309"]
[BlackElo "2236"]
[PlyCount "20"]
[EventDate "2008.09.06"]
[EventType "team-swiss"]
[EventRounds "9"]
[EventCountry "POL"]
[SourceTitle "EXT 2015"]
[Source "ChessBase"]
[SourceDate "2014.11.20"]
[SourceVersion "1"]
[SourceVersionDate "2014.11.20"]
[SourceQuality "1"]
[WhiteTeam "Pawlowice GKS Pniowek 74"]
[BlackTeam "Krakow KKSz"]
[WhiteTeamCountry "POL"]
[BlackTeamCountry "POL"]

1. e4 e6 2. b3 d5 3. Bb2 Nf6 4. exd5 exd5 5. Nf3 Be7 6. Be2 0-0 7. 0-0 Bg4 8. d4 Nbd7 9. Nbd2 c6 10. Re1 Re8 1/2-1/2

[Event "POL-chT 2nd League"]
[Site "Ustron"]
[Date "2008.09.11"]
[Round "6.20"]
[White "Jaroch, Karol"]
[Black "Kuziola, Mateusz"]
[Result "0-1"]
[WhiteElo "2158"]
[BlackElo "2309"]
[PlyCount "56"]
[EventDate "2008.09.06"]
[EventType "team-swiss"]
[EventRounds "9"]
[EventCountry "POL"]
[SourceTitle "EXT 2015"]
[Source "ChessBase"]
[SourceDate "2014.11.20"]
[SourceVersion "1"]
[SourceVersionDate "2014.11.20"]
[SourceQuality "1"]
[WhiteTeam "Bydgoszcz Centrum"]
[BlackTeam "Pawlowice GKS Pniowek 74"]
[WhiteTeamCountry "POL"]
[BlackTeamCountry "POL"]

1. e4 c5 2. a3 g6 3. h4 h5 4. Nf3 Bg7 5. d4 cxd4 6. Nxd4 Nc6 7. Nb3 Nf6 8. Nc3 d6 9. Bg5 Be6 10. Qd2 a6 11. f3 Rc8 12. Nd5 Bxd5 13. exd5 Ne5 14. Be3 b5 15. c3 Nc4 16. Bxc4 bxc4 17. Nd4 Qa5 18. 0-0-0 Qxd5 19. Qc2 Nd7 20. Qa4 Qb7 21. g4 Kf8 22. Rhe1 Nc5 23. Qc2 e5 24. Ne2 Nd3+ 25. Rxd3 cxd3 26. Qxd3 Qxf3 27. Qxd6+ Kg8 28. Bd2 Qxg4 0-1

[Event "POL-chT 2nd League"]
[Site "Ustron"]
[Date "2008.09.10"]
[Round "4.44"]
[White "Sygulski, Boguslaw"]
[Black "Kuziola, Mateusz"]
[Result "1/2-1/2"]
[WhiteElo "2242"]
[BlackElo "2309"]
[PlyCount "33"]
[EventDate "2008.09.06"]
[EventType "team-swiss"]
[EventRounds "9"]
[EventCountry "POL"]
[SourceTitle "EXT 2015"]
[Source "ChessBase"]
[SourceDate "2014.11.20"]
[SourceVersion "1"]
[SourceVersionDate "2014.11.20"]
[SourceQuality "1"]
[WhiteTeam "Pilzno GKSz Hetman"]
[BlackTeam "Pawlowice GKS Pniowek 74"]
[WhiteTeamCountry "POL"]
[BlackTeamCountry "POL"]

1. e4 c5 2. Nf3 Nc6 3. d4 cxd4 4. Nxd4 Nf6 5. Nc3 e5 6. Ndb5 d6 7. Bg5 a6 8. Na3 b5 9. Bxf6 gxf6 10. Nd5 f5 11. c3 Bg7 12. exf5 Bxf5 13. Nc2 0-0 14. Nce3 Be6 15. Bd3 f5 16. 0-0 Ra7 17. a4 1/2-1/2

[Event "Krakow KKSz-ch"]
[Site "Krakow"]
[Date "2008.08.17"]
[Round "6.2"]
[White "Jany, Mariusz"]
[Black "Kuziola, Mateusz"]
[Result "0-1"]
[WhiteElo "1785"]
[BlackElo "2309"]
[PlyCount "68"]
[EventDate "2008.08.14"]
[EventType "swiss"]
[EventRounds "9"]
[EventCountry "POL"]
[SourceTitle "EXT 2023"]
[Source "ChessBase"]
[SourceDate "2022.10.05"]
[SourceVersion "1"]
[SourceVersionDate "2022.10.05"]
[SourceQuality "1"]

1. e4 c5 2. Nf3 Nc6 3. c3 Nf6 4. e5 Nd5 5. d4 cxd4 6. cxd4 d6 7. exd6 e6 8. Nc3 Bxd6 9. Be2 0-0 10. Nxd5 exd5 11. 0-0 Bg4 12. Be3 Qd7 13. a3 Rac8 14. Qd2 Rfe8 15. Rac1 Bb8 16. Rfd1 h6 17. g3 a6 18. Rc3 Ba7 19. Rxc6 bxc6 20. Ne5 Rxe5 21. Bxg4 Qxg4 22. dxe5 d4 23. Bf4 g5 24. e6 gxf4 25. exf7+ Kxf7 26. Qd3 Re8 27. Qh7+ Qg7 28. Qf5+ Kg8 29. Qxf4 c5 30. b3 Rf8 31. Qd6 Qf6 32. Qd5+ Qf7 33. Qg2 Qxb3 34. Re1 Qf3 0-1

[Event "Krakow KKSz-ch"]
[Site "Krakow"]
[Date "2008.08.17"]
[Round "7.1"]
[White "Kuziola, Mateusz"]
[Black "Krupinski, Jerzy"]
[Result "1-0"]
[WhiteElo "2309"]
[BlackElo "2006"]
[PlyCount "70"]
[EventDate "2008.08.14"]
[EventType "swiss"]
[EventRounds "9"]
[EventCountry "POL"]
[SourceTitle "EXT 2023"]
[Source "ChessBase"]
[SourceDate "2022.10.05"]
[SourceVersion "1"]
[SourceVersionDate "2022.10.05"]
[SourceQuality "1"]

1. e4 c5 2. g3 b6 3. Bg2 Bb7 4. d3 g6 5. f4 Bg7 6. Nf3 d6 7. 0-0 e6 8. c3 Ne7 9. Be3 Nd7 10. Nbd2 0-0 11. d4 Qc7 12. e5 d5 13. Bf2 c4 14. g4 Rfc8 15. Bh4 Nf8 16. Qe1 b5 17. Bf6 a5 18. Qh4 Re8 19. Rf2 b4 20. Nf1 Qd7 21. Ne3 Rab8 22. Bh3 Bc8 23. Rg2 Rb6 24. f5 exf5 25. gxf5 Bh8 26. fxg6 Bxf6 27. gxf7+ Kxf7 28. Qh5+ Neg6 29. Bxd7 Bxd7 30. Nxd5 Bd8 31. Nxb6 Bxb6 32. Ng5+ Ke7 33. Nxh7 Kd8 34. Rxg6 Nxg6 35. Qxg6 Rxe5 1-0

[Event "Krakow KKSz-ch"]
[Site "Krakow"]
[Date "2008.08.16"]
[Round "4.2"]
[White "Kuziola, Mateusz"]
[Black "Szyszko Bohusz, Andrzej"]
[Result "1-0"]
[WhiteElo "2309"]
[BlackElo "1981"]
[PlyCount "155"]
[EventDate "2008.08.14"]
[EventType "swiss"]
[EventRounds "9"]
[EventCountry "POL"]
[SourceTitle "EXT 2023"]
[Source "ChessBase"]
[SourceDate "2022.10.05"]
[SourceVersion "1"]
[SourceVersionDate "2022.10.05"]
[SourceQuality "1"]

1. c4 e5 2. Nc3 f5 3. g3 Nf6 4. Bg2 c6 5. d4 e4 6. Nh3 Bb4 7. Qb3 Bxc3+ 8. Qxc3 0-0 9. 0-0 d5 10. Bg5 Be6 11. Nf4 Bf7 12. Qb3 b6 13. cxd5 cxd5 14. Rac1 Nbd7 15. Rc6 Re8 16. Bh3 g6 17. Rfc1 Kg7 18. Rd6 Rc8 19. Rc3 Qe7 20. Rdc6 Rxc6 21. Rxc6 h6 22. Bxf6+ Nxf6 23. e3 Rd8 24. Qc2 Rd6 25. Rc8 Ne8 26. Ne2 Rd7 27. Qa4 Rc7 28. Rxc7 Qxc7 29. Nc3 Nd6 30. Bf1 g5 31. Bb5 f4 32. Bc6 fxe3 33. fxe3 b5 34. Bxb5 Nf5 35. Kf2 h5 36. Bd7 Nd6 37. Qc6 Qb8 38. Nb5 Nxb5 39. Qxb5 Qd8 40. Kg2 Qc7 41. Bc6 Qd6 42. Bd7 Qc7 43. Bc6 Qd6 44. Bb7 Qf6 45. Qe2 g4 46. Qf2 Qb6 47. Bc8 Qb4 48. b3 Qc3 49. Bf5 a5 50. h3 gxh3+ 51. Bxh3 Qc7 52. g4 hxg4 53. Bxg4 Qc3 54. Kg3 Kg8 55. Bf5 Kg7 56. Kg4 Qc1 57. Qg3 Qd2 58. Kg5 Qb4 59. Qe5+ Kf8 60. Bg6 Bxg6 61. Kxg6 Qd2 62. Qf6+ Ke8 63. Qe5+ Kd8 64. Qxd5+ Kc7 65. Qxe4 Qxa2 66. Qe5+ Kb6 67. Qc5+ Ka6 68. Qc6+ Ka7 69. Qd7+ Kb6 70. Qe6+ Kb5 71. Kf6 Qd2 72. Ke7 Kb4 73. d5 Qc3 74. d6 Qg7+ 75. Kd8 Qf8+ 76. Kc7 Qa8 77. d7 Qa7+ 78. Kd8 1-0

[Event "Krakow Malopolski-chA"]
[Site "Krakow"]
[Date "2008.05.04"]
[Round "9.4"]
[White "Kuziola, Mateusz"]
[Black "Fraczek, Daniel"]
[Result "0-1"]
[WhiteElo "2313"]
[BlackElo "2350"]
[PlyCount "68"]
[EventDate "2008.04.28"]
[EventType "swiss"]
[EventRounds "9"]
[EventCountry "POL"]
[SourceTitle "EXT 2023"]
[Source "ChessBase"]
[SourceDate "2022.10.05"]
[SourceVersion "1"]
[SourceVersionDate "2022.10.05"]
[SourceQuality "1"]

1. f4 g6 2. Nf3 Bg7 3. g3 c6 4. Bg2 Qb6 5. Nc3 d5 6. e3 Bg4 7. h3 Bxf3 8. Qxf3 Nd7 9. d3 d4 10. Nd1 dxe3 11. Bxe3 Bd4 12. Bxd4 Qxd4 13. c3 Qb6 14. d4 e6 15. 0-0 Ne7 16. Nf2 0-0 17. Nd3 c5 18. dxc5 Nxc5 19. Nxc5 Qxc5+ 20. Qf2 Qc7 21. Rfd1 Rfd8 22. Rxd8+ Rxd8 23. Qxa7 Rd2 24. Qxb7 Qc5+ 25. Kh1 Qf2 26. Qf3 Qb6 27. b4 Nf5 28. a4 Qd6 29. Bf1 h5 30. a5 h4 31. gxh4 Nxh4 32. Qe4 Rf2 33. Qd4 Qc6+ 34. Kg1 Rxf1+ 0-1

[Event "Krakow Malopolski-chA"]
[Site "Krakow"]
[Date "2008.05.01"]
[Round "5.3"]
[White "Kuziola, Mateusz"]
[Black "Duda, Jan Krzysztof"]
[Result "1-0"]
[WhiteElo "2313"]
[BlackElo "1916"]
[PlyCount "115"]
[EventDate "2008.04.28"]
[EventType "swiss"]
[EventRounds "9"]
[EventCountry "POL"]
[SourceTitle "EXT 2023"]
[Source "ChessBase"]
[SourceDate "2022.10.05"]
[SourceVersion "1"]
[SourceVersionDate "2022.10.05"]
[SourceQuality "1"]

1. f4 d5 2. Nf3 c5 3. g3 Nc6 4. Bg2 Nf6 5. 0-0 g6 6. d3 Bg7 7. Nc3 d4 8. Na4 Qd6 9. c4 0-0 10. a3 Ng4 11. Rb1 Ne3 12. Bxe3 dxe3 13. Qc1 Bd4 14. Nxd4 cxd4 15. c5 Qc7 16. b4 e5 17. fxe5 Qxe5 18. b5 Ne7 19. Rf4 Nf5 20. c6 bxc6 21. bxc6 Rb8 22. Rxb8 Qxb8 23. Qb2 Qe5 24. Qb4 g5 25. Rf1 Nd6 26. Qc5 Qxc5 27. Nxc5 Nb5 28. Rb1 Nc7 29. Rb4 Rd8 30. Nb7 Re8 31. Nd6 Rf8 32. Nxc8 Rxc8 33. Rxd4 Nb5 34. Rd7 Nc7 35. Re7 Kf8 36. Rxe3 Nb5 37. Re5 Nd4 38. Kf2 Nxc6 39. Bxc6 Rxc6 40. Ra5 Rh6 41. Rxa7 Rxh2+ 42. Kf1 h5 43. Ra5 f6 44. a4 Kf7 45. Ra8 h4 46. gxh4 Rxh4 47. Kg2 Rb4 48. a5 Ke6 49. a6 Ra4 50. Kg3 Kf5 51. e4+ Kg6 52. a7 Kg7 53. Kg4 Ra6 54. d4 Ra4 55. Kf5 Ra5+ 56. d5 Ra6 57. d6 Rxd6 58. Rb8 1-0

[Event "Krakow Malopolski-chA"]
[Site "Krakow"]
[Date "2008.04.30"]
[Round "4.7"]
[White "Wierzbicka, Wiktoria"]
[Black "Kuziola, Mateusz"]
[Result "0-1"]
[WhiteElo "1998"]
[BlackElo "2313"]
[PlyCount "40"]
[EventDate "2008.04.28"]
[EventType "swiss"]
[EventRounds "9"]
[EventCountry "POL"]
[SourceTitle "EXT 2023"]
[Source "ChessBase"]
[SourceDate "2022.10.05"]
[SourceVersion "1"]
[SourceVersionDate "2022.10.05"]
[SourceQuality "1"]

1. e4 c6 2. d4 d5 3. Nc3 dxe4 4. Nxe4 Nf6 5. Nxf6+ gxf6 6. Bf4 Qb6 7. Bc4 Qb4+ 8. Qd2 Qxc4 9. b3 Qd5 10. Nf3 Bg4 11. 0-0-0 Bxf3 12. gxf3 e6 13. c4 Qf5 14. Kb2 Na6 15. d5 0-0-0 16. Bg3 Bd6 17. f4 Bb4 18. Qe2 exd5 19. a3 Rhe8 20. Qf3 Bf8 0-1

[Event "Krakow Malopolski-chA"]
[Site "Krakow"]
[Date "2008.04.28"]
[Round "1.10"]
[White "Gregulski, Zbigniew"]
[Black "Kuziola, Mateusz"]
[Result "0-1"]
[WhiteElo "1962"]
[BlackElo "2313"]
[PlyCount "82"]
[EventDate "2008.04.28"]
[EventType "swiss"]
[EventRounds "9"]
[EventCountry "POL"]
[SourceTitle "EXT 2023"]
[Source "ChessBase"]
[SourceDate "2022.10.05"]
[SourceVersion "1"]
[SourceVersionDate "2022.10.05"]
[SourceQuality "1"]

1. e4 c5 2. d4 cxd4 3. Nf3 Nc6 4. Nxd4 e5 5. Nb5 d6 6. N1c3 Nf6 7. Bg5 a6 8. Na3 b5 9. Nd5 Be7 10. Bxf6 Bxf6 11. Be2 Bg5 12. 0-0 0-0 13. c3 Rb8 14. Nc2 a5 15. Nce3 Be6 16. Kh1 g6 17. f4 exf4 18. Nxf4 Bxf4 19. Rxf4 Qb6 20. Qd2 b4 21. c4 b3 22. a3 Ne5 23. Rd1 Rfc8 24. h3 Rb7 25. Rc1 a4 26. Rc3 Rc5 27. Qe1 Qd8 28. Qf1 Rbc7 29. Kh2 Qc8 30. Qd1 Qa6 31. Qf1 Qc8 32. Qf2 Qe8 33. Qf1 Qe7 34. Kh1 Qg5 35. Qf2 Qe7 36. Kh2 Nxc4 37. Bxc4 Bxc4 38. Rxc4 Rxc4 39. Ng4 Kg7 40. Nf6 Qe5 41. Qh4 h6 0-1

[Event "Krakow Malopolski-chA"]
[Site "Krakow"]
[Date "2008.04.28"]
[Round "2.9"]
[White "Kuziola, Mateusz"]
[Black "Eggink, Ryszard"]
[Result "1-0"]
[WhiteElo "2313"]
[BlackElo "1703"]
[PlyCount "77"]
[EventDate "2008.04.28"]
[EventType "swiss"]
[EventRounds "9"]
[EventCountry "POL"]
[SourceTitle "EXT 2023"]
[Source "ChessBase"]
[SourceDate "2022.10.05"]
[SourceVersion "1"]
[SourceVersionDate "2022.10.05"]
[SourceQuality "1"]

1. e4 e5 2. Nc3 Nf6 3. g3 Nc6 4. Bg2 Bb4 5. Nge2 d6 6. 0-0 0-0 7. a3 Ba5 8. b4 Bb6 9. Na4 Be6 10. Bb2 Qd7 11. Nxb6 axb6 12. f4 Bh3 13. d3 Bxg2 14. Kxg2 Ng4 15. Qd2 f5 16. h3 Nh6 17. b5 Ne7 18. a4 Ng6 19. Kh2 exf4 20. gxf4 Rae8 21. Ng3 c6 22. Nh5 Re7 23. Qb4 Qe6 24. Rae1 c5 25. Qc3 Qd7 26. Qc4+ Kh8 27. Qd5 Rff7 28. Rg1 Qe6 29. Qxe6 Rxe6 30. Nxg7 Rxg7 31. exf5 Rxe1 32. Rxe1 Nxf4 33. Re7 Nh5 34. Rxb7 Ng8 35. Bxg7+ Nxg7 36. Rxb6 Nxf5 37. a5 Nfe7 38. a6 Nc8 39. Rb7 1-0

[Event "Polanica Zdroj op-A 42nd"]
[Site "Polanica Zdroj"]
[Date "2006.08.24"]
[Round "6"]
[White "Socko, Monika"]
[Black "Kuziola, Mateusz"]
[Result "1-0"]
[WhiteElo "2464"]
[BlackElo "2269"]
[PlyCount "165"]
[EventDate "2006.08.19"]
[EventType "swiss"]
[EventRounds "7"]
[EventCountry "POL"]
[SourceTitle "CBM 113 Extra"]
[Source "ChessBase"]
[SourceDate "2006.09.14"]
[SourceVersion "1"]
[SourceVersionDate "2006.09.14"]
[SourceQuality "1"]

1. e4 c5 2. Nf3 Nc6 3. Bb5 g6 4. Bxc6 bxc6 5. 0-0 Bg7 6. Re1 e5 7. c3 d6 8. h3 f6 9. d4 cxd4 10. cxd4 Nh6 11. dxe5 fxe5 12. Bg5 Qd7 13. Na3 Nf7 14. Bd2 0-0 15. Rc1 d5 16. Qa4 dxe4 17. Rxe4 Qd5 18. Bc3 Bf5 19. Ree1 Rfe8 20. Nc4 Bd3 21. Ne3 Qb5 22. Qxb5 cxb5 23. Nd5 Rac8 24. b3 Rc5 25. Nb4 Bf5 26. Bb2 Rec8 27. Rxc5 Rxc5 28. g4 Bc8 29. Nd3 Rc2 30. Bxe5 Nxe5 31. Nfxe5 Rxa2 32. Nc6 Bb7 33. Ndb4 Ra1 34. Rxa1 Bxa1 35. Nxa7 Bc3 36. Nac6 Kf7 37. Nd5 Bxc6 38. Nxc3 b4 39. Na2 Bd5 40. Nxb4 Bxb3 41. f4 Kf6 42. Kf2 Bc4 43. Nc6 Be6 44. Ke3 Bd5 45. g5+ Kg7 46. Ne5 Ba2 47. Kd4 h6 48. h4 hxg5 49. hxg5 Bb1 50. Kd5 Bc2 51. Ke6 Bb1 52. Ke7 Bc2 53. Nc6 Bb1 54. Nd4 Bd3 55. Ne6+ Kg8 56. Kf6 Bb1 57. Nc7 Be4 58. Nb5 Bd3 59. Nc3 Bc2 60. Nd5 Bb1 61. Ne7+ Kh7 62. Kf7 Ba2+ 63. Kf8 Be6 64. Nc6 Ba2 65. Ne5 Bb1 66. Nd7 Ba2 67. Nf6+ Kh8 68. Ng4 Be6 69. Ne3 Kh7 70. Ke7 Ba2 71. Kf6 Bb1 72. Nc4 Bc2 73. Ne5 Bb1 74. Nd7 Kg8 75. Ne5 Kh7 76. Nf3 Bc2 77. Nd4 Bb1 78. Kf7 Bd3 79. Ne6 Bc4 80. Kf6 Kg8 81. Nc5 Kh7 82. Nd7 Bd3 83. Nf8+ 1-0

[Event "Polanica Zdroj op-A 42nd"]
[Site "Polanica Zdroj"]
[Date "2006.08.19"]
[Round "1"]
[White "Kuziola, Mateusz"]
[Black "Graf, Pawel"]
[Result "1-0"]
[WhiteElo "2269"]
[BlackElo "2134"]
[PlyCount "55"]
[EventDate "2006.08.19"]
[EventType "swiss"]
[EventRounds "7"]
[EventCountry "POL"]
[SourceTitle "CBM 113 Extra"]
[Source "ChessBase"]
[SourceDate "2006.09.14"]
[SourceVersion "1"]
[SourceVersionDate "2006.09.14"]
[SourceQuality "1"]

1. e4 a6 2. d4 e6 3. Nf3 d5 4. e5 c5 5. Bd3 cxd4 6. 0-0 Nc6 7. Nbd2 Bc5 8. Nb3 Ba7 9. Re1 Nge7 10. Bf4 Bd7 11. h4 Qc7 12. h5 h6 13. Bf1 Nf5 14. g4 Nfe7 15. Bg3 0-0-0 16. Nfxd4 g6 17. hxg6 fxg6 18. Nxc6 Nxc6 19. c4 Na5 20. cxd5 exd5 21. Nxa5 Qxa5 22. e6 Bc6 23. e7 Rde8 24. g5 b5 25. Rc1 Kb7 26. Rxc6 Kxc6 27. Re6+ Kc5 28. Bd6+ 1-0

[Event "Kochan Memorial op 17th"]
[Site "Koszalin"]
[Date "2006.08.13"]
[Round "10"]
[White "Kuziola, Mateusz"]
[Black "Piorun, Kacper"]
[Result "1/2-1/2"]
[WhiteElo "2269"]
[BlackElo "2126"]
[PlyCount "120"]
[EventDate "2006.08.04"]
[EventType "swiss"]
[EventRounds "10"]
[EventCountry "POL"]
[SourceTitle "CBM 113 Extra"]
[Source "ChessBase"]
[SourceDate "2006.09.14"]
[SourceVersion "1"]
[SourceVersionDate "2006.09.14"]
[SourceQuality "1"]

1. f4 d5 2. Nf3 c5 3. g3 Nc6 4. Bg2 Nf6 5. 0-0 g6 6. d3 Bg7 7. Nc3 d4 8. Ne4 Nxe4 9. dxe4 0-0 10. e5 f6 11. exf6 Bxf6 12. e4 e5 13. Qe2 Qe7 14. Nd2 Bg7 15. f5 gxf5 16. exf5 Bxf5 17. Ne4 Bxe4 18. Bxe4 Rf6 19. Bd2 Raf8 20. Qh5 h6 21. Qg4 Rxf1+ 22. Rxf1 Rxf1+ 23. Kxf1 Nd8 24. Kg2 Qd6 25. Qh5 Qe6 26. Qf3 Qd7 27. g4 Ne6 28. Bxb7 Nf4+ 29. Bxf4 exf4 30. Be4 Be5 31. Bf5 Qe7 32. b3 Kg7 33. Bd3 Bd6 34. Qd5 Qe5 35. Qxe5+ Bxe5 36. Kf3 Kf6 37. Ke4 f3 38. h3 Bc7 39. h4 Bg3 40. g5+ hxg5 41. hxg5+ Kxg5 42. Kxf3 Bc7 43. Ke4 Kf6 44. Kd5 Bb6 45. Kc6 Ke5 46. a3 Ke6 47. Be2 Ke5 48. Bc4 Kf6 49. Bf1 Ke6 50. Be2 Ke5 51. Bf1 Ke6 52. Bc4+ Ke7 53. a4 Kf6 54. Bf1 Ke5 55. Bg2 Kf4 56. Kb5 Ke5 57. Bh1 Kd6 58. Bg2 Bc7 59. Ka6 Bb6 60. Bh1 Kd7 1/2-1/2

[Event "Kochan Memorial op 17th"]
[Site "Koszalin"]
[Date "2006.08.12"]
[Round "9"]
[White "Mickiewicz, Piotr"]
[Black "Kuziola, Mateusz"]
[Result "0-1"]
[WhiteElo "2380"]
[BlackElo "2269"]
[PlyCount "72"]
[EventDate "2006.08.04"]
[EventType "swiss"]
[EventRounds "10"]
[EventCountry "POL"]
[SourceTitle "CBM 113 Extra"]
[Source "ChessBase"]
[SourceDate "2006.09.14"]
[SourceVersion "1"]
[SourceVersionDate "2006.09.14"]
[SourceQuality "1"]

1. b3 e5 2. Bb2 Nc6 3. e3 Nf6 4. c4 d5 5. cxd5 Nxd5 6. d3 g5 7. Nf3 Bg7 8. Nc3 g4 9. Nd2 0-0 10. Be2 f5 11. Nxd5 Qxd5 12. 0-0 Qd8 13. Re1 h5 14. Bf1 Be6 15. Rc1 h4 16. Rxc6 bxc6 17. Qa1 Qd6 18. f4 Bf7 19. Bxe5 Bxe5 20. fxe5 Qh6 21. Qc1 Rad8 22. d4 Bd5 23. Bc4 Kh8 24. Bxd5 Rxd5 25. g3 hxg3 26. hxg3 Kg7 27. Qc3 Rh8 28. Kf1 c5 29. b4 Qa6+ 30. Kg1 Qc6 31. e4 Rxd4 32. bxc5 Qh6 33. Nf1 Rxe4 34. Rd1 Qh1+ 35. Kf2 Rh2+ 36. Nxh2 Qxh2+ 0-1

[Event "Kochan Memorial op 17th"]
[Site "Koszalin"]
[Date "2006.08.11"]
[Round "8"]
[White "Kuziola, Mateusz"]
[Black "Ferenc, Jozef"]
[Result "1-0"]
[WhiteElo "2269"]
[BlackElo "2123"]
[PlyCount "77"]
[EventDate "2006.08.04"]
[EventType "swiss"]
[EventRounds "10"]
[EventCountry "POL"]
[SourceTitle "CBM 113 Extra"]
[Source "ChessBase"]
[SourceDate "2006.09.14"]
[SourceVersion "1"]
[SourceVersionDate "2006.09.14"]
[SourceQuality "1"]

1. e4 d6 2. g3 g6 3. Bg2 Bg7 4. d3 c6 5. Nc3 Nf6 6. f4 Bg4 7. Nf3 Nbd7 8. h3 Bxf3 9. Qxf3 Qb6 10. Rb1 a5 11. Be3 Qa6 12. 0-0 0-0 13. g4 Rac8 14. Qg3 b5 15. Ne2 c5 16. f5 b4 17. Nf4 g5 18. Ne2 Bh6 19. h4 gxh4 20. Qh3 Bxe3+ 21. Qxe3 c4 22. d4 c3 23. g5 Nh5 24. b3 Ng3 25. Nxg3 hxg3 26. f6 e6 27. Bh3 Rce8 28. Qxg3 Kh8 29. Rf2 Rg8 30. Kh1 Nf8 31. Rh2 Qc6 32. d5 exd5 33. Bf5 Rg6 34. Bxg6 fxg6 35. f7 Rxe4 36. Qf2 h5 37. Qf6+ Kh7 38. Rxh5+ gxh5 39. Qh6# 1-0